00265nam a2200097Ia 4500008004100000020001500041100002400056245002200080260005200102300001300154180205s9999 xx 000 0 und d a9715550657 aBautista, Cirilo F. aKirot ng kataga / aMalate CitybDe la salle university pressc1995 a75 pages